Η μεταφυσική της τέχνης και του ωραίου : υπό το φως της αρχαίας ελληνικής φιλοσοφίας

Αποθηκεύτηκε σε:
Λεπτομέρειες βιβλιογραφικής εγγραφής
Κύριος συγγραφέας: Μάνος, Ανδρέας Χρ
Μορφή: Βιβλίο
Γλώσσα:Greek
Δημοσίευση: Αθήνα : Σύλλογος προς διάδοσιν ωφέλιμων βιβλίων, 1999
Θέματα:
Ετικέτες: Προσθήκη ετικέτας
Δεν υπάρχουν, Καταχωρήστε ετικέτα πρώτοι!

MARC

LEADER 00000cam a2200000 i 4500
001 1/28574
008 060503s1999 gre d
020 |a 960-7133-75-7 
035 |l 10083687 
040 |a GR-MY-UA  |b gre  |e aacr 
041 0 |a gre 
082 0 |a 701  |2 (22) 
100 1 |a Μάνος, Ανδρέας Χρ. 
245 1 2 |a Η μεταφυσική της τέχνης και του ωραίου :  |b υπό το φως της αρχαίας ελληνικής φιλοσοφίας /  |c Ανδρέα Μάνου 
260 |a Αθήνα :   |b Σύλλογος προς διάδοσιν ωφέλιμων βιβλίων,   |c 1999 
300 |a 163 σ.;  |c 22 εκ. 
500 |a Με:Θέματα αισθητικής και φιλοσοφίας της τέχνης / Γεωργίου Ι. Μουρέλου 
504 |a Περιέχει βιβλιογραφικές παραπομπές 
650 0 0 |a Aesthetics, Ancient. 
852 |a INST  |b RHODES  |c KRI  |e 20060503  |h  701 MOY  |p 005400020942  |q 005400020942  |t BK  |y 0 
901 |a BIBL4-2006-1 
909 |a Ρ  |b 122854 
922 |a 4ΕΛΗ 
970 |a ΣΙΔΕΡΗ  |b ΝΕΚΤΑΡΙΑ  |z 2006/04/30